Arahan perkhidmatan Bab "1" - Bab "8" : (mengandungi semua pindaan hingga 10hb Jun 1991)

Bibliographic Details
Format: Book
Published: Kuala Lumpur : International Law Book Services , 1991
Subjects:

MARC

LEADER 00000cam a2200000 7i4500
001 0000008586
005 20050627.0
020 |a 9678904152 
040 |a INS 
090 0 0 |a K1700.   |b A72 1991 
245 1 0 |a Arahan perkhidmatan Bab "1" - Bab "8" :   |b (mengandungi semua pindaan hingga 10hb Jun 1991)   |c disusun oleh Lembaga Penyelidikan Undang-undang 
260 |a Kuala Lumpur :   |b International Law Book Services ,   |c 1991 
300 |a 97p ;   |c 24cm. 
650 0 0 |a Administrative law   |z Malaysia 
650 0 0 |a Administrative procedure   |z Malaysia 
999 |a 0000005231   |b BOOK   |c Acts   |e Default branch